000 00323nam a2200121 i 4500
001 bg
245 0 _aWybrane zagadnienia ekonomiki i organizacji budownictwa /
_c[AUT.:] Andrzej Wiejacha [i in.].
260 _aGdaƄsk,
_c1973.
040 _cBPK
041 _apol
942 _cKS
008 s pl f |000 0 pol
999 _c26421
_d26421
856 _uhttp://koha.tu.koszalin.pl/cgi-bin/koha/opac-detail.pl?biblionumber=26421
_yKatalog online BPK